000 00821caa a2200229 4500
999 _c458404
_d458404
001 5148669
003 UA-OsUOA
005 20200303154129.0
008 200303b un ||||| |||| 00| 0 ukr d
040 _aUA-OsUOA
_bukr
_cUA-OsUOA
_dUA-OsUOA
041 _aukr
080 _a908
090 _a908
100 _aБондарчук О.
245 _aХристиянська символіка в декоруванні острозьких кахель
_cО. Бондарчук, В. Бондарчук, Ю. Філіп'єва
300 _aС. 240–244
650 _2UDC
700 _aБондарчук В.
700 _aФіліп'єва Ю.
773 0 _0399317
_9416565
_dОстрог НаУОА 2013
_o148880
_tОстрозький краєзнавчий збірник
_w(UA-OsUOA) 113460
942 _2udc
_cBKA